Score 0/24 Timer 03:00
3 Plays Today
Movie Title Missing Word % Correct
A Star Is _____Born
98.3%
_____ Mia! Here We Go AgainMamma
91.1%
Won't _____ Be My Neighbor?You
90.9%
_____ Shades FreedFifty
90.2%
A Wrinkle in _____Time
88.7%
_____: Infinity WarAvengers
88.3%
I Can _____ ImagineOnly
88.3%
_____ World: Fallen KingdomJurassic
86.6%
Ralph Breaks the _____Internet
86.4%
A _____ PlaceQuiet
85.1%
The _____ with a Clock in Its WallsHouse
84.1%
Crazy _____ AsiansRich
82.1%
Movie Title Missing Word % Correct
Ant-Man and the _____Wasp
78.5%
Ready _____ OnePlayer
78.1%
_____ of the PartyLife
78%
Hotel Transylvania 3: Summer _____Vacation
74.8%
_____: A Star Wars StorySolo
66.9%
Fantastic Beasts: The _____ of GrindelwaldCrimes
62%
Maze Runner: The _____ CureDeath
54%
Pacific Rim: _____Uprising
34.6%
_____ NightGame
34.6%
Mortal _____Engines
34.3%
The _____ and the Four RealmsNutcracker
26.1%
Insidious: The Last _____Key
25.2%

Today's Daily Dose

Remove Ads.
Support Sporcle.
Get the best of Sporcle when you Go Orange. This ad-free experience offers more features, more stats, and more fun while also helping to support Sporcle. Thank you for becoming a member.

You're not logged in!

Compare scores with friends on all Sporcle quizzes.
OR
Log In

Show Comments

Extras

Top Quizzes Today


Score Distribution

Your Account Isn't Verified!

In order to create a playlist on Sporcle, you need to verify the email address you used during registration. Go to your Sporcle Settings to finish the process.

Report this User

Report this user for behavior that violates our Community Guidelines.

Details: